| 000 | 00464nam a2200145 4500 | ||
|---|---|---|---|
| 001 | 131124 | ||
| 003 | ES-MaACL | ||
| 007 | t| | ||
| 008 | 070214s1908 fr r ||||1| fre d | ||
| 100 | 1 |
_aRoberty, Eugène de. _997861 |
|
| 245 | 1 | 0 |
_aSociologie de l'action _b: la genese sociale de la raison et les origenes rationnelles de l'action / _cpar Eugène de Roberty. |
| 260 |
_aParis : _bAlcan, _c1908. |
||
| 300 |
_aXI, 355 p. ; _c22 cm. |
||
| 852 |
_aES-MaACL _jB-7075 |
||
| 999 |
_c131124 _d131124 |
||